HSE to open new RIDDOR Incident Contact Centre. (Record no. 66236)

MARC details
000 -LEADER
fixed length control field 01271cam a2200241 4500
001 - CONTROL NUMBER
control field WB3709-11
008 - FIXED-LENGTH DATA ELEMENTS--GENERAL INFORMATION
fixed length control field 000000n2001 000 0 eng u
035 ## - SYSTEM CONTROL NUMBER
System control number (Sirsi) u111184
245 ## - TITLE STATEMENT
Title HSE to open new RIDDOR Incident Contact Centre.
260 ## - PUBLICATION, DISTRIBUTION, ETC.
Date of publication, distribution, etc. 2001
490 ## - SERIES STATEMENT
Series statement HSE Information Sheet
Volume/sequential designation 27 February 2001, (3)
520 ## - SUMMARY, ETC.
Summary, etc. The HSE has announced the simplification of the reporting procedures under the Reporting of Injuries, Diseases and Dangerous Occurrences Regulations 1995. From 1 April 2001 anyone needing to report a death, major injury, work related disease, dangerous occurrence or an injury that results in someone being unable to work for more than three days will be able to contact a new Incident Contact Centre in Caerphilly, Tel: 0845 300 9923, Fax: 0845 300 9924. It will also be possible to submit accident reports via the RIDDOR website: http://www.riddor.gov.uk, or by email: [email protected].
590 ## - LOCAL NOTE (RLIN)
Local note WB
650 ## - SUBJECT ADDED ENTRY--TOPICAL TERM
Topical term or geographic name entry element ACCIDENTS AT WORK
650 ## - SUBJECT ADDED ENTRY--TOPICAL TERM
Topical term or geographic name entry element DEATHS
650 ## - SUBJECT ADDED ENTRY--TOPICAL TERM
Topical term or geographic name entry element FATAL ACCIDENTS
650 ## - SUBJECT ADDED ENTRY--TOPICAL TERM
Topical term or geographic name entry element HEALTH AND SAFETY EXECUTIVE
650 ## - SUBJECT ADDED ENTRY--TOPICAL TERM
Topical term or geographic name entry element HSE
650 ## - SUBJECT ADDED ENTRY--TOPICAL TERM
Topical term or geographic name entry element REPORTING OF INJURIES, DISEASES AND DANGEROUS OCCURRENCES REGULATIONS 1995
650 ## - SUBJECT ADDED ENTRY--TOPICAL TERM
Topical term or geographic name entry element RIDDOR REGULATIONS
690 ## - LOCAL SUBJECT ADDED ENTRY--TOPICAL TERM (OCLC, RLIN)
Topical term or geographic name as entry element Health and safety
9 (RLIN) 6244
942 ## - ADDED ENTRY ELEMENTS (KOHA)
Suppress in OPAC 0
Holdings
Withdrawn status Lost status Source of classification or shelving scheme Damaged status Not for loan Home library Current library Shelving location Date acquired Total Checkouts Full call number Barcode Date last seen Copy number Price effective from Koha item type
    Dewey Decimal Classification     London London News article 28/02/2001   WB3709-11 111184-1001 06/08/2019 1 06/08/2019 News article